Programa de derecho comercial
Saved in:
| Institution som forfatter: | |
|---|---|
| Format: | Bog |
| Sprog: | spansk |
| Udgivet: |
Santiago
Universidad de Chile
1935
|
| Fag: | |
| Tags: |
Tilføj Tag
Ingen Tags, Vær først til at tagge denne postø!
|
MARC
| LEADER | 00000nam a2200000 a 4500 | ||
|---|---|---|---|
| 001 | UCS3052 | ||
| 003 | CL-VaPUC | ||
| 008 | 970613e19350000CL |||||||||||||||||spa|d | ||
| 082 | 0 | 4 | |a 378.05 |b UNI |2 21 |
| 110 | 2 | |a Universidad de Chile |e author |9 389021 | |
| 245 | 1 | 0 | |a Programa de derecho comercial |
| 300 | |a 34 p | ||
| 942 | |c BK | ||
| 945 | |d 19970613 00:00:00 |a lriquelm | ||
| 260 | |a Santiago |b Universidad de Chile |c 1935 | ||
| 650 | 7 | |a PROGRAMAS EDUCACIONALES |2 CL-VaPUC |9 350144 | |
| 650 | 0 | |a Universidades |9 256317 | |
| 650 | 0 | |a Derecho comercial |9 256340 | |
| 650 | 0 | |a Educación superior |9 223851 | |
| 583 | |a last modification |c 20170606 01:13:24 |k Rodrigo Vera | ||
| 999 | |c 260902 |d 260900 | ||
| 952 | |0 0 |1 0 |4 0 |6 378_050000000000000_UNI_1935 |7 0 |8 P |9 287525 |a BIBDER |b BIBDER |d 2019-11-19 |i 1866222 |o 378.05 UNI 1935 |p 1866222 |r 2023-01-25 |w 2019-11-19 |y BK |k DER | ||